[Event "2LD 24/25,Namest n/Osl A-Rychnov n/Kn"]
[Site ""]
[Date "2024.11.03"]
[Round "2.6"]
[White "Kroulik, Vaclav"]
[Black "Kosut, Tomas"]
[WhiteElo "1975"]
[BlackElo "1914"]
[Result "1/2-1/2"]
[PlyCount "63"]

1. e4 c5 2. Nf3 g6 3. d4 cxd4 4. Nxd4 Bg7 5. c4 Nc6 6. Be3 d6 7. Nc3 Nf6 8. Be2
h5 9. f3 O-O 10. O-O Bd7 11. Qd2 a5 12. b3 a4 13. Nxc6 Bxc6 14. b4 Qc7 15. Rac1
Rfc8 16. b5 Bd7 17. b6 Qd8 18. Nd5 Nxd5 19. cxd5 Rxc1 20. Rxc1 Rc8 21. Kf2 Rxc1
22. Qxc1 Qc8 23. Qxc8+ Bxc8 24. Bb5 a3 25. Ke2 Bb2 26. Kd3 e5 27. Kc2 Kf8 28.
Bg5 Bd4 29. Bd8 Kg7 30. Kb3 Bc5 31. Bg5 Kf8 32. Bd8 1/2-1/2

[Event "2LD 24/25,Namest n/Osl A-Rychnov n/Kn"]
[Site ""]
[Date "2024.11.03"]
[Round "2.7"]
[White "Miculka, David"]
[Black "Majocha, Piotr"]
[WhiteElo "2003"]
[BlackElo "2029"]
[Result "0-1"]
[PlyCount "38"]

1. e4 c5 2. Nf3 Nc6 3. Bb5 e6 4. Bxc6 bxc6 5. d3 d6 6. b3 e5 7. O-O Be7 8. Nbd2
Bf6 9. Nc4 Ne7 10. Bb2 O-O 11. c3 Ng6 12. d4 exd4 13. cxd4 d5 14. Ncd2 cxd4 15.
Bxd4 Bxd4 16. Nxd4 Qf6 17. Ne2 Ba6 18. Re1 Rae8 19. Qc2 Bxe2 0-1

[Event "2LD 24/25,Namest n/Osl A-Rychnov n/Kn"]
[Site ""]
[Date "2024.11.03"]
[Round "2.8"]
[White "Machlowski, Slawomir"]
[Black "Zezula, Rudolf"]
[WhiteElo "1990"]
[BlackElo "1995"]
[Result "0-1"]
[PlyCount "66"]

1. g3 c5 2. Bg2 Nc6 3. Nf3 g6 4. c4 Bg7 5. O-O e6 6. d3 Nge7 7. Nc3 O-O 8. Bf4
d6 9. Rb1 h6 10. a3 f5 11. Bd2 e5 12. b4 g5 13. Ne1 cxb4 14. axb4 g4 15. Nd5
Ng6 16. Nc2 Be6 17. b5 Nce7 18. Ncb4 f4 19. Be4 Nf5 20. gxf4 Rc8 21. Ne3 exf4
22. Nxf5 Bxf5 23. Bxb7 Qh4 24. Be1 Bd4 25. Kh1 f3 26. Rg1 Be5 27. Rg3 Bxg3 28.
fxg3 Qh3 29. exf3 gxf3 30. Qxf3 Bg4 31. Qd5+ Kh7 32. Qg2 Rf1+ 33. Qxf1 Qxf1#
 0-1

[Event "2LD 24/25,Rychnov n/Kn-Namest n/Osl B"]
[Site ""]
[Date "2024.11.17"]
[Round "3.1"]
[White "Zeberski, Jakub"]
[Black "Setina, Vaclav"]
[WhiteElo "2324"]
[BlackElo "2128"]
[Result "1-0"]
[PlyCount "101"]

1. e4 c5 2. Nf3 Nc6 3. Nc3 g6 4. Bb5 Bg7 5. Bxc6 dxc6 6. d3 e5 7. Be3 b6 8. Qd2
Qc7 9. O-O Nf6 10. Bh6 O-O 11. Bxg7 Kxg7 12. Nh4 Nh5 13. Nf5+ Kg8 14. Qh6 f6
15. Ne2 Be6 16. Nfg3 Qg7 17. Qe3 Nxg3 18. hxg3 a5 19. Nc3 Qc7 20. Na4 Kg7 21.
b3 Rab8 22. f3 Qd6 23. c3 Bc8 24. Rad1 Ba6 25. Rd2 Bb5 26. Nb2 Rbd8 27. Rfd1
Qc7 28. g4 Rf7 29. g5 fxg5 30. Qxg5 Rfd7 31. Kf2 Qd6 32. Rh1 Qe7 33. Qxe7+ Rxe7
34. Ke3 h5 35. g4 hxg4 36. fxg4 Rf7 37. Rdh2 Rg8 38. Rh7+ Kf8 39. c4 Ba6 40.
Na4 b5 41. Nxc5 Bc8 42. g5 Bg4 43. Rxf7+ Kxf7 44. Rh7+ Rg7 45. Rxg7+ Kxg7 46.
cxb5 cxb5 47. d4 exd4+ 48. Kxd4 Kf7 49. Nb7 a4 50. Nd6+ Ke6 51. Nxb5 1-0

[Event "2LD 24/25,Rychnov n/Kn-Namest n/Osl B"]
[Site ""]
[Date "2024.11.17"]
[Round "3.2"]
[White "Miculka, Petr"]
[Black "Horak, Jan"]
[WhiteElo "1951"]
[BlackElo "2128"]
[Result "0-1"]
[PlyCount "70"]

1. e4 c5 2. Nf3 e6 3. d3 Nc6 4. g3 d5 5. Nbd2 Nf6 6. Bg2 Be7 7. O-O O-O 8. Re1
b5 9. e5 Nd7 10. Nf1 Bb7 11. h4 Qc7 12. Bf4 Rfc8 13. N1h2 Qd8 14. h5 h6 15. Qd2
a5 16. a3 a4 17. Ng4 Bf8 18. Nh4 Nd4 19. Rad1 Be7 20. c3 Nb3 21. Qe2 Qf8 22.
Be3 Rc7 23. f4 d4 24. Bxb7 Rxb7 25. Bf2 dxc3 26. bxc3 b4 27. Qe4 Rab8 28. c4
bxa3 29. Re2 Nd4 30. Ra2 Rb1 31. Rxb1 Rxb1+ 32. Kg2 Rb3 33. Nf3 Qb8 34. Ne3 Rb2
35. Rxa3 Rxf2+ 0-1

[Event "2LD 24/25,Rychnov n/Kn-Namest n/Osl B"]
[Site ""]
[Date "2024.11.17"]
[Round "3.3"]
[White "Korenova, Martina"]
[Black "Simajchl, Adam"]
[WhiteElo "2066"]
[BlackElo "1821"]
[Result "1-0"]
[PlyCount "35"]

1. Nf3 c5 2. e4 Nc6 3. Bb5 e6 4. Bxc6 bxc6 5. O-O f6 6. Nc3 Ne7 7. d3 Ng6 8.
Re1 Qc7 9. Be3 d5 10. exd5 cxd5 11. Nxd5 Qb7 12. Nc3 Qxb2 13. Qd2 Kf7 14. Reb1
Qa3 15. Nb5 Qa6 16. Nc7 Qc6 17. Nxa8 Qxa8 18. Qa5 1-0

[Event "2LD 24/25,Rychnov n/Kn-Namest n/Osl B"]
[Site ""]
[Date "2024.11.17"]
[Round "3.4"]
[White "Zezula, Matej"]
[Black "Zelbova, Lada"]
[WhiteElo "1767"]
[BlackElo "1909"]
[Result "1-0"]
[PlyCount "71"]

1. e4 c5 2. Nc3 a6 3. g3 Nc6 4. Bg2 g6 5. d3 e6 6. Be3 Nd4 7. Qd2 Bg7 8. Nd1 d6
9. c3 Nc6 10. d4 cxd4 11. cxd4 Nge7 12. Ne2 O-O 13. Bh6 Bd7 14. Bxg7 Kxg7 15.
O-O Qa5 16. Ndc3 Rfd8 17. Rfd1 Rac8 18. Rac1 b5 19. a3 Qb6 20. h4 Na5 21. Qf4
Nb3 22. Rb1 Rc4 23. h5 h6 24. Qe3 a5 25. Nd5 Nxd5 26. exd5 a4 27. hxg6 e5 28.
gxf7 Bf5 29. Be4 exd4 30. Qf3 Bxe4 31. Qxe4 Rf8 32. Nf4 Rxf7 33. Qg6+ Kf8 34.
Ne6+ Ke7 35. Re1 Qa7 36. Ng7+ 1-0

[Event "2LD 24/25,Rychnov n/Kn-Namest n/Osl B"]
[Site ""]
[Date "2024.11.17"]
[Round "3.5"]
[White "Kroulik, Vaclav"]
[Black "Vojtech, Ladislav"]
[WhiteElo "1975"]
[BlackElo "1778"]
[Result "1-0"]
[PlyCount "79"]

1. e4 c5 2. Nf3 d6 3. c3 e5 4. d4 exd4 5. cxd4 cxd4 6. Nxd4 Nf6 7. Nc3 Be7 8.
Bc4 O-O 9. O-O Nc6 10. Bf4 Qb6 11. Ndb5 Ne5 12. Bb3 Be6 13. Bxe6 fxe6 14. Qb3
Ng6 15. Qxe6+ Kh8 16. Be3 Qa5 17. Nxd6 Bxd6 18. Qxd6 Rad8 19. Qc5 Qxc5 20. Bxc5
Rfe8 21. f3 b6 22. Be3 Ne5 23. Bg5 Nd3 24. Rfd1 h6 25. Bxf6 gxf6 26. Rab1 Kg7
27. Nd5 Ne5 28. Rbc1 Rd7 29. Kf2 Red8 30. g4 Kf7 31. h3 Kg7 32. f4 Nf7 33. Kf3
Nd6 34. Rc6 Nb5 35. a4 Nc7 36. Nxc7 Rxd1 37. Ne6+ Kg6 38. Nxd8 Rxd8 39. e5 Rd3+
40. Ke4 1-0

[Event "2LD 24/25,Rychnov n/Kn-Namest n/Osl B"]
[Site ""]
[Date "2024.11.17"]
[Round "3.6"]
[White "Vojtech, Ladislav"]
[Black "Kacirek, Petr"]
[WhiteElo "1974"]
[BlackElo "2232"]
[Result "0-1"]
[PlyCount "88"]

1. e4 e6 2. d4 d5 3. exd5 exd5 4. Nf3 Bd6 5. Bd3 Bg4 6. O-O Ne7 7. Bg5 f6 8.
Bh4 Nbc6 9. c3 Qd7 10. Nbd2 O-O-O 11. Bg3 Bxg3 12. fxg3 h5 13. Nb3 Qd6 14. Qc2
g5 15. Nc5 Kb8 16. b4 Bc8 17. a4 h4 18. gxh4 g4 19. Ne1 Rxh4 20. g3 Rh3 21. Ng2
Rdh8 22. Nf4 R3h6 23. Rf2 Nd8 24. Re1 Nf7 25. Nce6 Ng5 26. Nxg5 fxg5 27. Ne2
Rh3 28. Qd2 Qh6 29. Nc1 Rxg3+ 30. Kf1 Qh3+ 31. Ke2 Rf3 32. Kd1 Nf5 33. Rfe2 Nd6
34. Kc2 g3 35. hxg3 Rxg3 36. Re5 Ne4 37. Bxe4 dxe4 38. Ne2 Rg2 39. Kb3 Qd3 40.
Qc1 Rxe2 41. Rxe2 Qxe2 42. Rxg5 Rh2 43. Qb1 Qd3 44. Qc1 Be6+ 0-1

[Event "2LD 24/25,Rychnov n/Kn-Namest n/Osl B"]
[Site ""]
[Date "2024.11.17"]
[Round "3.7"]
[White "Machlowski, Slawomir"]
[Black "Kavanova, Anezka"]
[WhiteElo "1990"]
[BlackElo "1710"]
[Result "1-0"]
[PlyCount "71"]

1. g3 d5 2. Nf3 Nc6 3. d4 Bf5 4. Bg2 Nf6 5. c4 dxc4 6. Qa4 Qd7 7. O-O Bh3 8.
Nc3 Bxg2 9. Kxg2 O-O-O 10. Rd1 e6 11. Qxc4 Nd5 12. e4 Nb6 13. Qe2 Bb4 14. Be3
f6 15. Rac1 Kb8 16. Nb5 Rc8 17. a3 Bd6 18. b4 a6 19. Nc3 Na7 20. Qa2 Nb5 21.
Ne2 Na4 22. Qb3 Na7 23. e5 Be7 24. Nf4 Rhe8 25. Nxe6 Bxb4 26. Nxc7 Rxc7 27.
Rxc7 Kxc7 28. Qxb4 fxe5 29. Rb1 b5 30. dxe5 Nc6 31. Rc1 Kb7 32. Qe4 g6 33. Nd4
Rc8 34. e6 Qd6 35. Rxc6 Rxc6 36. e7 1-0

[Event "2LD 24/25,Rychnov n/Kn-Namest n/Osl B"]
[Site ""]
[Date "2024.11.17"]
[Round "3.8"]
[White "Stava, Zdenek"]
[Black "Daniel, Jiri"]
[WhiteElo "1625"]
[BlackElo "1922"]
[Result "0-1"]
[PlyCount "92"]

1. e4 d5 2. exd5 Nf6 3. Bb5+ Bd7 4. Bc4 Bg4 5. f3 Bf5 6. Nc3 Nbd7 7. Nge2 Nb6
8. Bb3 Nbxd5 9. Nxd5 Nxd5 10. d4 e6 11. c3 Qh4+ 12. g3 Qh3 13. Bxd5 exd5 14.
Nf4 Qh6 15. Nxd5 Qe6+ 16. Qe2 Qxe2+ 17. Kxe2 O-O-O 18. Nf4 g5 19. Ng2 f6 20. h4
g4 21. Bf4 Re8+ 22. Kd2 gxf3 23. Ne3 Be4 24. Rhf1 Rg8 25. Rf2 f5 26. Re1 Bd6
27. Bxd6 cxd6 28. Nf1 d5 29. Nh2 Rxg3 30. Nxf3 Reg8 31. Ng5 Rg7 32. Nxe4 fxe4
33. Re3 Rxe3 34. Kxe3 Kd7 35. a4 Ke6 36. b3 Rg3+ 37. Kf4 Rxc3 38. Kg5 Rxb3 39.
Rf6+ Ke7 40. Rf5 Rg3+ 41. Kh6 Rg6+ 42. Kxh7 Re6 43. h5 e3 44. Rf1 e2 45. Re1
Kf7 46. h6 b6 0-1

[Event "2LD 24/25,Univerzita Brno-Namest n/Osl A"]
[Site ""]
[Date "2024.11.17"]
[Round "3.1"]
[White "Gajdos, Daniel"]
[Black "Walek, Petr"]
[WhiteElo "2095"]
[BlackElo "2270"]
[Result "1-0"]

1.Nf3 d5 2.g3 Nf6 3.Bg2 e6 4.O-O Be7 5.d4 O-O 6.c4 dxc4 7.Qc2 a6 8.Qxc4 b5
9.Qc2 Bb7 10.Bf4 Nd5 11.Rc1 Nc6 12.Qd1 Nxf4 13.gxf4 Nb4 14.Nc3 Bd6 15.a3 Nd5
16.Nxd5 Bxd5 17.e3 f5 18.Ng5 Qe8 19.Bxd5 exd5 20.Qf3 c6 21.Qh3 h6 22.Nf3 Rf6
23.Kh1 Ra7 24.Ne5 Rc7 25.b4 g5 26.Rg1 Rg7 27.f3 Qe6 28.Ra2 Bxe5 29.fxe5 Rfg6
30.Rc2 g4 31.fxg4 fxg4 32.Qf1 h5 33.Rf2 h4 34.Rf8+ Kh7 35.Qf5 g3 36.Qxe6 Rxe6
37.hxg3 Reg6 38.Rf6 hxg3 39.Rxg6 Rxg6 40.Kg2 Kg7 41.Kf3 Kf7 42.Rxg3 Rh6 43.Kg2
Ke6 44.Rh3 Rg6+ 45.Kf3 Rg7 46.Rh6+ Kd7 47.Rd6+ Kc7 48.Rf6 Rg1 49.Rf7+ Kd8
50.Ra7 Rc1 51.Kf4 Rf1+ 52.Kg4 Re1 53.Kf5 Rxe3 54.Ke6 Rxa3 55.Kd6 Kc8 56.e6 Kb8
57.Rf7 a5 58.e7 Re3 59.bxa5 1-0

[Event "2LD 24/25,Univerzita Brno-Namest n/Osl A"]
[Site ""]
[Date "2024.11.17"]
[Round "3.2"]
[White "Richterova, Natasa"]
[Black "Zdrazil, Jan"]
[WhiteElo "2143"]
[BlackElo "2053"]
[Result "1/2-1/2"]

1.e4 c5 2.Nf3 d6 3.Bb5+ Nd7 4.O-O Nf6 5.Re1 a6 6.Bf1 e5 7.c3 Be7 8.d4 O-O
9.dxe5 dxe5 10.a4 b6 11.Bg5 h6 12.Bxf6 Bxf6 13.Na3 Qc7 14.Qb3 Be7 15.Rad1 Bb7
16.Nc4 Bc6 17.Na3 Qb7 18.Bc4 b5 19.Bd5 Rab8 20.axb5 axb5 21.Bxc6 Qxc6 22.Qd5
Qxd5 23.Rxd5 Nb6 24.Rxe5 Bd6 25.Rh5 Na4 26.Re2 b4 27.cxb4 Rxb4 28.Rd5 Bf4
29.Ne1 c4 1/2-1/2

[Event "2LD 24/25,Univerzita Brno-Namest n/Osl A"]
[Site ""]
[Date "2024.11.17"]
[Round "3.3"]
[White "Lakatos, Tomas"]
[Black "Kratochvil, Vit"]
[WhiteElo "2055"]
[BlackElo "2229"]
[Result "1/2-1/2"]

1.e4 c5 2.Be2 g6 3.f4 Bg7 4.Nf3 Nc6 5.O-O d5 6.d3 e6 7.c3 Nge7 8.Qe1 b6 9.Nbd2
Ba6 10.e5 Nf5 11.Nb3 h5 12.Qf2 Qc7 13.Bd2 Bf8 14.d4 Bc4 15.Be3 Bxe2 16.Qxe2
Nxe3 17.Qxe3 Ne7 18.Nh4 Nf5 19.Nxf5 gxf5 20.Rac1 a5 21.Nd2 b5 22.Kh1 h4 23.Qe2
c4 24.b3 Ba3 25.Rc2 Kd7 26.Nf3 Be7 27.Rb1 Rab8 28.Rcb2 Ba3 29.Rc2 Be7 30.Rcb2
Ba3 31.Rc2 Be7 1/2-1/2

[Event "2LD 24/25,Univerzita Brno-Namest n/Osl A"]
[Site ""]
[Date "2024.11.17"]
[Round "3.4"]
[White "Zezula, Jakub"]
[Black "Jelinek, Ota"]
[WhiteElo "2163"]
[BlackElo "2091"]
[Result "1-0"]

1.e4 e6 2.d4 d5 3.Nd2 Nf6 4.e5 Nfd7 5.Bd3 b6 6.c3 Ba6 7.Bxa6 Nxa6 8.Ne2 c5
9.O-O Be7 10.Nf4 g6 11.Qg4 Nc7 12.Nf3 h5 13.Qh3 Nf8 14.Be3 c4 15.a4 Nh7 16.b3
cxb3 17.Rfb1 Ng5 18.Nxg5 Bxg5 19.Rxb3 O-O 20.Nxh5 gxh5 21.Qg3 f6 22.h4 Ne8
23.exf6 Qxf6 24.Bxg5 Qg6 25.a5 bxa5 26.Rxa5 Nf6 27.f3 Nh7 28.Rb7 Nxg5 29.hxg5
Rf5 30.Qd6 Rxg5 31.Rb8+ Kh7 32.Qe7+ Kh6 33.Qf8+ 1-0

[Event "2LD 24/25,Univerzita Brno-Namest n/Osl A"]
[Site ""]
[Date "2024.11.17"]
[Round "3.5"]
[White "Ibrahim, Emad"]
[Black "Mrazik, Tomas"]
[WhiteElo "2031"]
[BlackElo "1952"]
[Result "1-0"]

1.e4 c6 2.d4 d5 3.exd5 cxd5 4.c4 Nf6 5.Nc3 g6 6.cxd5 Bg7 7.Bb5+ Nbd7 8.d6 O-O
9.dxe7 Qxe7+ 10.Be2 Nb6 11.Nf3 Bg4 12.O-O Rfd8 13.h3 Be6 14.Re1 Qd7 15.Bb5 Qd6
16.Bg5 Nbd5 17.Ne4 Qb4 18.Qd3 h6 19.Bd2 Qf8 20.Nc5 Bf5 21.Qb3 a6 22.Bd3 Bxd3
23.Nxd3 Qd6 24.Nde5 b5 25.a3 Ra7 26.Ba5 Rc8 27.Rac1 Rxc1 28.Rxc1 Nf4 29.Rc8+
Kh7 30.Rd8 Qe6 31.Qxe6 Nxe6 32.Rd6 Ne4 33.Rb6 Nxd4 34.Nxd4 Bxe5 35.Nc6 1-0

[Event "2LD 24/25,Univerzita Brno-Namest n/Osl A"]
[Site ""]
[Date "2024.11.17"]
[Round "3.6"]
[White "Kosut, Tomas"]
[Black "Moulis, Mojmir"]
[WhiteElo "1914"]
[BlackElo "2032"]
[Result "1/2-1/2"]

1.e4 d6 2.d4 Nf6 3.Bd3 Nbd7 4.f4 e5 5.Nf3 exd4 6.Nxd4 Nc5 7.Nc3 c6 8.O-O Be7
9.Kh1 O-O 10.Qf3 Qc7 11.f5 Nfd7 12.Qg3 Bf6 13.Nf3 Ne5 14.Nxe5 Bxe5 15.Bf4 f6
16.Rf3 b5 17.Raf1 Nxd3 18.cxd3 b4 19.Ne2 c5 20.d4 Ba6 21.dxe5 dxe5 22.Bxe5 Qxe5
23.Qxe5 fxe5 24.R1f2 Rad8 25.h4 Rd1+ 26.Kh2 Rfd8 27.f6 g6 28.h5 Re1 29.Ng3 Kf7
30.a3 Bb7 31.Rc2 Bxe4 32.Nxe4 Rxe4 33.hxg6+ hxg6 34.Rxc5 Rd7 35.Rc6 bxa3
36.bxa3 Red4 37.Rh3 R4d6 38.Rh7+ Kxf6 39.Rxd6+ Rxd6 40.Rxa7 Kg5 41.a4 Rd3 42.a5
Ra3 43.a6 Kg4 44.Ra8 e4 45.a7 e3 46.Re8 Rxa7 1/2-1/2

[Event "2LD 24/25,Univerzita Brno-Namest n/Osl A"]
[Site ""]
[Date "2024.11.17"]
[Round "3.7"]
[White "Hladik, Josef"]
[Black "Miculka, David"]
[WhiteElo "2001"]
[BlackElo "2003"]
[Result "1/2-1/2"]

1.d4 Nf6 2.Nf3 g6 3.Nbd2 Bg7 4.e3 b6 5.Be2 Bb7 6.O-O O-O 7.b3 d6 8.Bb2 Nbd7
9.c4 e6 10.Qc2 Qe7 11.a4 c5 12.a5 Rfd8 13.Ra2 Ne8 14.Rfa1 Nc7 15.axb6 axb6
16.Ra7 Rxa7 17.Rxa7 Rb8 18.Qb1 Qd8 19.Qa1 Ra8 20.Rxa8 Qxa8 21.Ne1 Qxa1 22.Bxa1
Kf8 23.Bf3 Bxf3 24.Nexf3 1/2-1/2

[Event "2LD 24/25,Univerzita Brno-Namest n/Osl A"]
[Site ""]
[Date "2024.11.17"]
[Round "3.8"]
[White "Zezula, Rudolf"]
[Black "Uhmann, Jan"]
[WhiteElo "1995"]
[BlackElo "1970"]
[Result "1-0"]

1.e4 e5 2.Nf3 Nc6 3.Bc4 Bc5 4.O-O d6 5.d3 Bg4 6.Be3 Bb6 7.Nbd2 Nf6 8.c3 Qd7
9.Qc2 O-O 10.a4 d5 11.Bb5 Rfe8 12.a5 Bxe3 13.fxe3 a6 14.Ba4 dxe4 15.dxe4 Rad8
16.Nc4 Qd3 17.Qxd3 Rxd3 18.Bxc6 bxc6 19.Nfxe5 Rdd8 20.Rxf6 gxf6 21.Nxg4 Kg7
22.Nf2 Kg6 23.g4 Kg5 24.Kg2 Kh4 25.Kf3 c5 26.Kf4 h5 27.h3 Rd7 28.Rg1 Rg8 29.e5
Rg6 30.e4 Re7 31.g5 fxg5+ 32.Kf3 Rd7 33.Ne3 g4+ 34.Kf4 1-0

[Event "2LD 24/25,Jihlava A-Vysoke Myto"]
[Site ""]
[Date "2024.11.17"]
[Round "3.1"]
[White "Piza, Vlastimil"]
[Black "Sabol, Marian"]
[WhiteElo "2200"]
[BlackElo "2236"]
[Result "1/2-1/2"]
[PlyCount "88"]

1. e4 c5 2. Nf3 d6 3. d4 cxd4 4. Nxd4 Nf6 5. Nc3 a6 6. h3 e6 7. g4 d5 8. g5
Nxe4 9. Nxe4 dxe4 10. Bg2 e5 11. Ne2 Qxd1+ 12. Kxd1 Nc6 13. Ng3 Be6 14. c3
O-O-O+ 15. Kc2 Bc5 16. Nxe4 Bf5 17. h4 Kb8 18. Be3 Bxe3 19. fxe3 h6 20. Rad1
Kc7 21. Kc1 Rxd1+ 22. Kxd1 Ne7 23. Ke2 b6 24. Bf3 Be6 25. b3 Nf5 26. gxh6 Rxh6
27. h5 Bd5 28. Rg1 Nh4 29. Nd2 Nxf3 30. Nxf3 Rxh5 31. Rxg7 Kd6 32. c4 Bxf3+ 33.
Kxf3 Rh3+ 34. Ke4 Ke6 35. Kd3 f5 36. Rg6+ Kf7 37. Rxb6 f4 38. c5 Rxe3+ 39. Kd2
Ke7 40. Rxa6 Rh3 41. Ra4 Rh2+ 42. Kd3 Rh3+ 43. Kd2 Rh2+ 44. Kd3 Rh3+ 1/2-1/2

[Event "2LD 24/25,Jihlava A-Vysoke Myto"]
[Site ""]
[Date "2024.11.17"]
[Round "3.2"]
[White "Vesely, Tomas"]
[Black "Sedlacek, Oldrich"]
[WhiteElo "2051"]
[BlackElo "2157"]
[Result "1/2-1/2"]
[PlyCount "42"]

1. Nf3 d5 2. g3 c6 3. Bg2 Nf6 4. O-O Bg4 5. h3 Bxf3 6. Bxf3 Nbd7 7. d3 e6 8.
Nd2 Bc5 9. Bg2 Qc7 10. Nf3 Rd8 11. Bf4 e5 12. Nxe5 Nxe5 13. d4 Bd6 14. dxe5
Bxe5 15. Bxe5 Qxe5 16. c3 O-O 17. e3 Qc7 18. Qc2 Rfe8 19. Rfd1 Qb8 20. Rd4 Re7
21. Rad1 Rde8 1/2-1/2

[Event "2LD 24/25,Jihlava A-Vysoke Myto"]
[Site ""]
[Date "2024.11.17"]
[Round "3.3"]
[White "Brychta, Jan"]
[Black "Trhal, Tomas"]
[WhiteElo "2094"]
[BlackElo "2041"]
[Result "1/2-1/2"]
[PlyCount "92"]

1. e4 c5 2. Nf3 d6 3. d4 cxd4 4. Nxd4 Nf6 5. Nc3 a6 6. Bg5 e6 7. f4 Be7 8. Qf3
h6 9. Bxf6 Bxf6 10. O-O-O Qc7 11. h4 Nc6 12. Nxc6 Qxc6 13. Rd3 b5 14. g4 Bb7
15. Bg2 b4 16. Nd1 Rc8 17. Ne3 a5 18. g5 hxg5 19. hxg5 Rxh1+ 20. Bxh1 Be7 21.
c4 a4 22. Qh3 g6 23. Qh8+ Bf8 24. Bg2 Qc5 25. b3 axb3 26. axb3 Ra8 27. Kb2 Qa7
28. Kc1 Qa3+ 29. Kd2 Qa2+ 30. Nc2 Ra3 31. Qh3 Qb2 32. e5 Bxg2 33. Qxg2 Qxc2+
34. Kxc2 Ra2+ 35. Kb1 Rxg2 36. exd6 Kd7 37. c5 Rf2 38. Rd4 Kc6 39. d7 Be7 40.
d8=Q Bxd8 41. Rxd8 Rxf4 42. Rc8+ Kd7 43. Rb8 Kc7 44. Rb6 Rf5 45. Rxb4 Rxc5 46.
Rg4 Rf5 1/2-1/2

[Event "2LD 24/25,Jihlava A-Vysoke Myto"]
[Site ""]
[Date "2024.11.17"]
[Round "3.4"]
[White "Kosek, Marek"]
[Black "Rybacek, Martin"]
[WhiteElo "2102"]
[BlackElo "1868"]
[Result "1-0"]
[PlyCount "83"]

1. d4 Nf6 2. Nf3 g6 3. g3 Bg7 4. Bg2 O-O 5. O-O d5 6. c4 c6 7. Nc3 dxc4 8. a4
Be6 9. e4 h6 10. Qe2 Na6 11. Rd1 Nc7 12. Ne5 Qc8 13. Nxc4 Bg4 14. f3 Bh3 15.
Be3 Bxg2 16. Kxg2 b5 17. Ne5 Qb7 18. Rac1 Rac8 19. Na2 Na6 20. Nd3 Nd7 21. Qd2
Kh7 22. Nab4 bxa4 23. Nxa6 Qxa6 24. Nc5 Nxc5 25. Rxc5 Rfd8 26. Ra5 Qb7 27. Rxa4
c5 28. d5 Rd7 29. Rc4 Qb5 30. Qc2 Rdc7 31. b3 Rb7 32. b4 a5 33. Rxc5 Rxc5 34.
bxc5 Qb3 35. Qxb3 Rxb3 36. Bd4 Bxd4 37. Rxd4 Rc3 38. c6 Kg7 39. Ra4 Rc5 40. Kf2
Kf6 41. Ke3 e6 42. Kd4 1-0

[Event "2LD 24/25,Jihlava A-Vysoke Myto"]
[Site ""]
[Date "2024.11.17"]
[Round "3.5"]
[White "Kucera, David"]
[Black "Ptacek, Lubos"]
[WhiteElo "1915"]
[BlackElo "2036"]
[Result "0-1"]
[PlyCount "44"]

1. d4 d5 2. c4 e6 3. Nf3 Nf6 4. g3 c6 5. Bg2 Bd6 6. O-O O-O 7. Nc3 Nbd7 8. b3
Qe7 9. Bb2 Ne4 10. Nd2 f5 11. Ndxe4 fxe4 12. f3 exf3 13. Bxf3 Nf6 14. Qd3 e5
15. dxe5 Bxe5 16. cxd5 Bh3 17. Qc4 Kh8 18. dxc6 b5 19. Qd3 Rad8 20. Qc2 Qc5+
21. Kh1 b4 22. Rfc1 Bxc3 0-1

[Event "2LD 24/25,Jihlava A-Vysoke Myto"]
[Site ""]
[Date "2024.11.17"]
[Round "3.6"]
[White "Kosek, Jiri"]
[Black "Policar, Martin"]
[WhiteElo "1952"]
[BlackElo "1829"]
[Result "0-1"]
[PlyCount "76"]

1. c4 Nf6 2. Nc3 d5 3. d4 g6 4. Nf3 Bg7 5. Bg5 Ne4 6. Bf4 Nxc3 7. bxc3 c6 8. e3
Bf5 9. Be2 O-O 10. O-O Nd7 11. Qb3 dxc4 12. Qxb7 Qb6 13. Qxb6 Nxb6 14. Ne5 Bxe5
15. Bxe5 Rac8 16. Rac1 c5 17. f3 Bd3 18. Kf2 Bxe2 19. Kxe2 cxd4 20. Bxd4 Nd7
21. e4 e5 22. Be3 Nc5 23. Rb1 Na4 24. Rfc1 Rb8 25. Kd2 Rfd8+ 26. Kc2 Rbc8 27.
Rb4 Nxc3 28. Re1 a5 29. Rb7 Nxa2 30. Re2 Nb4+ 31. Kc1 Rd3 32. Bb6 Rc3+ 33. Kd1
Rd3+ 34. Kc1 Nc6 35. Ra2 c3 36. Bxa5 Nxa5 37. Rxa5 c2 38. Rd5 Re3 0-1

[Event "2LD 24/25,Jihlava A-Vysoke Myto"]
[Site ""]
[Date "2024.11.17"]
[Round "3.7"]
[White "Mirzoyan, Aram"]
[Black "Dosedel, Jiri"]
[WhiteElo "1740"]
[BlackElo "1989"]
[Result "0-1"]
[PlyCount "55"]

1. e4 d6 2. d4 Nf6 3. Bd3 g6 4. Ne2 Bg7 5. O-O O-O 6. c4 e5 7. d5 c5 8. a3 Nh5
9. Nbc3 f5 10. f4 Nd7 11. exf5 gxf5 12. fxe5 Nxe5 13. Nf4 Nxf4 14. Bxf4 Bd7 15.
Qc2 Nxd3 16. Qxd3 Qf6 17. Qg3 Qd4+ 18. Kh1 Qxc4 19. Bxd6 Rf6 20. Be7 f4 21. Qh4
Rf7 22. Rac1 Re8 23. Bg5 Bxc3 24. bxc3 Qxd5 25. Rcd1 Qc6 26. Rxf4 Rg7 27. Rdf1
Qg6 28. Rd1 0-1

[Event "2LD 24/25,Jihlava A-Vysoke Myto"]
[Site ""]
[Date "2024.11.17"]
[Round "3.8"]
[White "Lipavsky, Dusan"]
[Black "Kocman, Patrik"]
[WhiteElo "1938"]
[BlackElo "1831"]
[Result "1/2-1/2"]
[PlyCount "89"]

1. e4 e5 2. Nf3 Nc6 3. Bb5 a6 4. Bxc6 dxc6 5. d4 exd4 6. Qxd4 Qxd4 7. Nxd4 Nf6
8. f3 Be7 9. Be3 c5 10. Ne2 b5 11. Nd2 c4 12. Kf2 Bb7 13. Nd4 g6 14. Rhd1 O-O
15. Ne2 Rfd8 16. Nf1 Nd7 17. Bf4 Rac8 18. Rd2 Nc5 19. Rxd8+ Bxd8 20. Rd1 Bf6
21. Be3 Ne6 22. c3 Rd8 23. Rxd8+ Bxd8 24. Nf4 Nxf4 25. Bxf4 Kf8 26. Ne3 Ke7 27.
Ng4 Ke6 28. Ne3 c5 29. Nc2 Be7 30. Bd2 a5 31. a3 Bf6 32. Ne3 Bc6 33. Nc2 Be7
34. Bf4 b4 35. Bd2 Ba4 36. Ne3 Bb3 37. Nd5 Bd6 38. cxb4 cxb4 39. axb4 axb4 40.
Bxb4 Be5 41. Bc3 Bd6 42. Bd4 Ba4 43. g3 Bc6 44. Ne3 Bb5 45. Nd5 1/2-1/2

[Event "2LD 24/25,Lanskroun-Jihlava B"]
[Site ""]
[Date "2024.11.17"]
[Round "3.1"]
[White "Vyprachticky, David"]
[Black "Seidl, Stepan"]
[WhiteElo "2356"]
[BlackElo "2169"]
[Result "1/2-1/2"]
[PlyCount "49"]

1. c4 e6 2. Nf3 d5 3. e3 Nf6 4. Nc3 Be7 5. b3 O-O 6. Bb2 c5 7. d4 Nc6 8. cxd5
Nxd5 9. Nxd5 Qxd5 10. Bc4 Qd8 11. dxc5 Bxc5 12. O-O Qe7 13. Rc1 Rd8 14. Qc2 Ba3
15. e4 Bxb2 16. Qxb2 e5 17. Bd5 Bg4 18. Bxc6 Bxf3 19. gxf3 Qg5+ 20. Kh1 Rd2 21.
Qc3 bxc6 22. Rg1 Qh4 23. Qxe5 Rxf2 24. Rxc6 Rxh2+ 25. Qxh2 1/2-1/2

[Event "2LD 24/25,Lanskroun-Jihlava B"]
[Site ""]
[Date "2024.11.17"]
[Round "3.2"]
[White "Vesely, Vitek"]
[Black "Kupsa, Matej"]
[WhiteElo "2179"]
[BlackElo "2140"]
[Result "1/2-1/2"]
[PlyCount "71"]

1. d4 Nf6 2. c4 e6 3. Nf3 d5 4. e3 Be7 5. b3 O-O 6. Bd3 b6 7. O-O Bb7 8. Bb2
Ne4 9. Qc2 f5 10. Nc3 Nd7 11. Ne2 c6 12. Rac1 g5 13. Ng3 g4 14. Ne5 Nxe5 15.
dxe5 Nxg3 16. hxg3 Rc8 17. f3 Bc5 18. Bd4 Bxd4 19. exd4 Qg5 20. f4 Qe7 21. c5
h5 22. Kf2 h4 23. Rh1 hxg3+ 24. Kxg3 Kg7 25. Rh5 Rh8 26. Rch1 Rxh5 27. Rxh5 Rh8
28. Rxh8 Kxh8 29. cxb6 axb6 30. Bxf5 exf5 31. Qxf5 c5 32. Qh5+ Qh7 33. Qe8+ Qg8
34. Qh5+ Qh7 35. Qe8+ Qg8 36. Qh5+ 1/2-1/2

[Event "2LD 24/25,Lanskroun-Jihlava B"]
[Site ""]
[Date "2024.11.17"]
[Round "3.3"]
[White "Jirousek, Jan"]
[Black "Zigo, Viktor"]
[WhiteElo "2035"]
[BlackElo "2184"]
[Result "1-0"]
[PlyCount "91"]

1. d4 Nf6 2. Nf3 e6 3. c4 b6 4. g3 Bb7 5. Bg2 Be7 6. O-O O-O 7. Nc3 Ne4 8. Nxe4
Bxe4 9. Ne1 Bxg2 10. Nxg2 d5 11. cxd5 Qxd5 12. Nf4 Qb7 13. e3 Nd7 14. b3 Rfd8
15. Qg4 Nf6 16. Qh3 Rac8 17. Qg2 Qxg2+ 18. Kxg2 c5 19. Ba3 Kf8 20. Ne2 c4 21.
Bxe7+ Kxe7 22. Rfc1 cxb3 23. axb3 a5 24. Nc3 Nd5 25. Na4 f5 26. Kf3 g5 27. Nb2
g4+ 28. Kg2 h5 29. Nd3 h4 30. gxh4 Nc3 31. Rc2 Ne4 32. Rac1 Rxc2 33. Rxc2 Ra8
34. Ne5 a4 35. bxa4 Rxa4 36. h5 Ra8 37. Rc7+ Kf6 38. h6 Ng5 39. Rg7 f4 40.
Nxg4+ Kf5 41. exf4 Ne4 42. h7 Rh8 43. f3 Nd6 44. Kg3 e5 45. fxe5 Ne8 46. Rg8
 1-0

[Event "2LD 24/25,Lanskroun-Jihlava B"]
[Site ""]
[Date "2024.11.17"]
[Round "3.4"]
[White "Skoda, Martin"]
[Black "Pokorny, Tomas"]
[WhiteElo "2152"]
[BlackElo "2186"]
[Result "1/2-1/2"]
[PlyCount "42"]

1. e4 c5 2. Nf3 e6 3. b3 d5 4. e5 Nc6 5. Bb5 Bd7 6. Bxc6 Bxc6 7. O-O Ne7 8. d3
Nf5 9. Re1 Be7 10. Nbd2 O-O 11. Nf1 b5 12. Ne3 Nxe3 13. Rxe3 d4 14. Re1 a5 15.
Nd2 a4 16. Rb1 axb3 17. axb3 Ra2 18. Ne4 Qc7 19. Bf4 Bxe4 20. Rxe4 Rfa8 21. h3
b4 1/2-1/2